| 000 | 01090cam a22003017a 4500 | ||
|---|---|---|---|
| 003 | CHAP | ||
| 005 | 20220329142326.0 | ||
| 008 | 000629d2000 mx a r 00110 esp d | ||
| 010 | _a81748 | ||
| 011 | _a82720 | ||
| 020 | _a9709000101 | ||
| 035 | _a93222 | ||
| 040 | _cCHAP | ||
| 082 | 0 | 4 |
_a575.2 _bM4 |
| 110 | 0 |
_aMéxico. Secretaría de Medio Ambiente, Recursos Naturales y Pesca _977201 |
|
| 245 | 1 | 0 |
_aEstrategia nacional sobre biodiversidad de México _c/por Secretaría de Medio Ambiente, Recursos Naturales y Pesca |
| 260 |
_aMéxico, D.F. _bComisión Nacional para el Conocimiento y Uso de la Biodiversidad, _c2000. |
||
| 590 |
_aBATCH-UPD _b10 _c20130110 _lUCH01 _h1956 |
||
| 590 |
_aBATCH-UPD _b10 _c20130410 _lUCH01 _h1317 |
||
| 590 |
_aBATCH-UPD _b10 _c20130914 _lUCH01 _h0629 |
||
| 590 |
_aCONVERSION _b10 _c20130109 _lUCH01 _h1345 |
||
| 650 | 1 | 4 |
_aBiodiversidad. _912724 |
| 650 | 1 | 4 |
_aRecursos naturales _xConservación _xMéxico. _995242 |
| 901 | _aBK | ||
| 905 | _aGuadalupe Pinto C. | ||
| 942 | _cLIBRO | ||
| 949 |
_a575.2 M4 _bBC _cLIBRO _d33724002013702 _eLIBRO _h98223 _i93222 _si |
||
| 999 |
_c81748 _d81748 |
||